Сто лет одиночества. Полковнику никто не пишет (Бичлэгийн дугаар. 257636)
[ энгийн харах ]
| 000 -Удирдлага | |
|---|---|
| Ном зүйн бүртгэл тоо буюу кодлох утгыг агуулсан | 00404nam a2200133Ia 4500 |
| 008 - ЕРӨНХИЙ МЭДЭЭЛЭЛ-ЭЛЕМЕНТҮҮДИЙН ӨГӨГДЛИЙН УРТ | |
| fixed length control field | 200518s9999||||xx |||||||||||||| ||und|| |
| 084 ## - БУСАД АНГИЛЛЫН ДУГААР | |
| Анги | 84(4Исп)-44 |
| Зохиогчийн 3-н тэмдэгт | Г 20 |
| Ангиллын нэр | Номын сан номзүйн ангилал |
| 100 ## - ЗОХИОГЧИЙН ХЭСЭГ | |
| Зохиогчийн нэр | Гарсиа Маркес Г. |
| 245 #0 - ҮНДСЭН ГАРЧИГ | |
| Гарчиг | Сто лет одиночества. Полковнику никто не пишет |
| 260 ## - ГАРАЛТЫН ТУХАЙ МЭДЭЭ | |
| Хэвлэгдсэн он | 1987 |
| Хэвлэгдсэн газар | М |
| Хэвлэлийн газар | Правда |
| 300 ## - ТООНЫ МЭДЭЭ | |
| Хуудасны тоо | 480 |
| 546 ## - ХЭЛНИЙ ТУХАЙ МЭДЭЭ | |
| Хэл | |
| 942 ## - ЭЛЕМЕНТИЙН ТӨРӨЛ | |
| Төрөл | Ном |
| Буцаан татагдсан төлөв | Хасагдсан шалтгаан | Гэмтсэн төлөв | Данс заагч | Захиалах боломжгүй | Үндсэн номын сан | Одоогийн байршил | Салбар танхим | Сан хөмрөг 5 | Бүртгэсэн огноо | Бүрдүүлэлтийн эх үүсвэр | Тавиурын заалт | Баркод | Үнэ | Хамгийн сүүлд байсан огноо | Нийт уншлаганд гарсан тоо | Төрөл |
|---|---|---|---|---|---|---|---|---|---|---|---|---|---|---|---|---|
| МУҮНомын сан салбар | МУҮНомын сан салбар | МУҮНС салбар | Өрнө дахин В1 давхар | МУҮНС салбар | Өрнө дахин В1 давхар | 2021-07-20 | Худалдан авсан | 156488 | 005020156488 | 1500.00 | 2021-07-20 | Ном |